000 01179nam a2200205 a 4500
001 000043250
005 20201002040746.0
008 140303s2009 sp 000 0 spa d
020 _a9788483471050
040 _aDO-SdBNP
_bspa
_cBNPHU
041 1 7 _aspa.
_halb.
245 0 0 _aArberia-Sefarad :
_ben el espejo del otro, las relaciones entre Skanderbeg y la corona de Aragón y las experiencias paralelas de los Sefardíes y los Arberesh =Arbëria-Sefaradi: në pasqyrën e tjetrit : marrëdhëniet ndërmjet Skënderbeut dhe Kuröres së Aragonës dhe eksperiencat paralele të sefardive dhe të arbëreshëve /
_cManuel Montobbio, [et al.].
246 1 0 _aArbëria-Sefaradi : në pasqyrën e tjetrit : marrëdhëniet ndërmjet Skënderbeut dhe Kuröres së Aragonës dhe eksperiencat paralele të sefardive dhe të arbëreshëve
260 _aMadrid :
_bAgencia Española de Cooperación Internacional para el Desarrollo,
_c2009.
300 _a177 p. :
_bil.,+CD. ;
_c24 cm.
490 1 _aCiencias y humanismo
546 _atextos en castellano y albanès
504 _aIncluye referencias bibliográficas y notas al pie de las páginas
830 0 _aCiencias y humanismo
_970218
999 _c42739
_d42739